000 00317nam a22001337a 4500
008 170721b xxu||||| |||| 00| 0 eng d
020 _a9781555704025
041 _aeng
080 _a004
100 _a29
101 _aSHKI
245 _aFOUNDATIONS OF LIBRARY AND INFORMATION SCIENCE
_cRUBIN, R.E
942 _2udc
_cBK
999 _c21769
_d21769